Detalles MARC
| 000 -CABECERA |
| campo de control de longitud fija |
01010nam a2200253 a 4500 |
| 001 - NÚMERO DE CONTROL |
| campo de control |
000035251 |
| 003 - IDENTIFICADOR DEL NÚMERO DE CONTROL |
| campo de control |
DO-SdBNP |
| 005 - FECHA Y HORA DE LA ÚLTIMA TRANSACCIÓN |
| campo de control |
20250618125923.0 |
| 008 - DATOS DE LONGITUD FIJA--INFORMACIÓN GENERAL |
| campo de control de longitud fija |
111026s1948 cu r 000 0 spa d |
| 040 ## - FUENTE DE LA CATALOGACIÓN |
| Centro catalogador/agencia de origen |
DO-SdBNP |
| Lengua de catalogación |
spa |
| Centro/agencia transcriptor |
BNPHU |
| 082 ## - NÚMERO DE LA CLASIFICACIÓN DECIMAL DEWEY |
| Número de clasificación |
972.93053 |
| Número de documento/Ítem |
J61,1948 |
| 100 1# - ENTRADA PRINCIPAL--NOMBRE DE PERSONA |
| Nombre de persona |
Jimenes Grullón, Juan Isidro, |
| Fechas asociadas al nombre |
1903-1983 |
| 9 (RLIN) |
2482 |
| 245 14 - MENCIÓN DE TÍTULO |
| Título |
Una gestapo en América : |
| Resto del título |
(vida, tortura, agonía y muerte de presos políticos bajo la tiranía de Trujillo) / |
| Mención de responsabilidad, etc. |
Juan Isidro Jimenes-Grullón ; prólogo Raul Roa. |
| 250 ## - MENCIÓN DE EDICIÓN |
| Mención de edición |
4a ed. |
| 260 ## - PUBLICACIÓN, DISTRIBUCIÓN, ETC. |
| Lugar de publicación, distribución, etc. |
La Habana : |
| Nombre del editor, distribuidor, etc. |
Talleres Tipográficos de Editorial Lex, |
| Fecha de publicación, distribución, etc. |
1948. |
| 300 ## - DESCRIPCIÓN FÍSICA |
| Extensión |
335 p. ; |
| Dimensiones |
22 cm. |
| 590 ## - NOTA LOCAL (RLIN) |
| Nota local |
Inventariado, 2019/BT |
| 600 10 - PUNTO DE ACCESO ADICIONAL DE MATERIA--NOMBRE DE PERSONA |
| Nombre de persona |
Jimenes Grullón, Juan Isidro, |
| Fechas asociadas al nombre |
1903-1983 |
| 9 (RLIN) |
2482 |
| 650 #4 - PUNTO DE ACCESO ADICIONAL DE MATERIA--TÉRMINO DE MATERIA |
| Término de materia o nombre geográfico como elemento de entrada |
Delitos políticos |
| Subdivisión geográfica |
República Dominicana |
| 9 (RLIN) |
2846 |
| 651 #4 - PUNTO DE ACCESO ADICIONAL DE MATERIA--NOMBRE GEOGRÁFICO |
| Nombre geográfico |
República Dominicana |
| Subdivisión general |
Política y gobierno |
| Subdivisión cronológica |
Era de Trujillo, 1930-1961 |
| 9 (RLIN) |
2845 |
| 700 12 - PUNTO DE ACCESO ADICIONAL--NOMBRE DE PERSONA |
| Nombre de persona |
Roa, Raul, |
| Término indicativo de función/relación |
pról. |
| 9 (RLIN) |
16973 |
| 910 ## - DATOS DE OPCIÓN DEL USUARIO (OCLC) |
| Datos de opción del usuario |
Validado. Control de calidad. MFF |
| 942 ## - ELEMENTOS DE PUNTO DE ACCESO ADICIONAL (KOHA) |
| Fuente del sistema de clasificación o colocación |
Dewey Decimal Classification |
| Tipo de ítem Koha |
Libro |